Le télé-enseignement : une révolution de la forme scolaire ? (notice n° 1586307)

détails MARC
000 -LEADER
fixed length control field 02139cam a2200169 4500500
005 - DATE AND TIME OF LATEST TRANSACTION
control field 20251228054852.0
041 ## - LANGUAGE CODE
Language code of text/sound track or separate title fre
042 ## - AUTHENTICATION CODE
Authentication code dc
100 10 - MAIN ENTRY--PERSONAL NAME
Personal name Chaptal, Alain
Relator term author
245 00 - TITLE STATEMENT
Title Le télé-enseignement : une révolution de la forme scolaire<br/> ?
260 ## - PUBLICATION, DISTRIBUTION, ETC.
Date of publication, distribution, etc. 2005.<br/>
500 ## - GENERAL NOTE
General note 42
520 ## - SUMMARY, ETC.
Summary, etc. Après avoir brièvement resitué cette question dans le contexte historique de l’EAD et dans celui de l’évolution technologique, l’article adopte une double perspective pour analyser cette question, comparant les approches françaises et américaines. Il analyse ensuite les évolutions que les technologies d’information et de communication ont produites dans l’enseignement supérieur et la situation profondément instable qui prévaut dans l’enseignement scolaire des deux côtés de l’Atlantique du fait de la modestie des usages. Mettant en question cette révolution supposée de la forme scolaire, il met en évidence la diversité des tendances à l’œuvre et les tensions qu’elles génèrent en analysant notamment les positions critiques des syndicats enseignants américains et conclue sur le caractère incertain de la situation actuelle.
520 ## - SUMMARY, ETC.
Summary, etc. Is distance learning a revolution in the educational system ? After briefly setting this issue in the historical context of distance learning and that of technological evolution, the article compares the French and American approaches. It then examines the changes that the technologies of information and communication have brought in higher education as well as the deeply unstable situation prevailing in school education on both sides of the Atlantic on account of their little use. Our challenge of this so-called revolution of schooling emphasises the various trends at work and the tensions it breeds through an analysis of the critical stances of American teaching unions. It concludes on the unstability of the current situation.
786 0# - DATA SOURCE ENTRY
Note Éducation et Sociétés | 15 | 1 | 2005-03-01 | p. 59-73 | 1373-847X
856 41 - ELECTRONIC LOCATION AND ACCESS
Uniform Resource Identifier <a href="https://shs.cairn.info/revue-education-et-societes-2005-1-page-59?lang=fr&redirect-ssocas=7080">https://shs.cairn.info/revue-education-et-societes-2005-1-page-59?lang=fr&redirect-ssocas=7080</a>

Pas d'exemplaire disponible.

PLUDOC

PLUDOC est la plateforme unique et centralisée de gestion des bibliothèques physiques et numériques de Guinée administré par le CEDUST. Elle est la plus grande base de données de ressources documentaires pour les Étudiants, Enseignants chercheurs et Chercheurs de Guinée.

Adresse

627 919 101/664 919 101

25 boulevard du commerce
Kaloum, Conakry, Guinée

Réseaux sociaux

Powered by Netsen Group @ 2025